| 000 | 01257nji a22003017a 4500 | ||
|---|---|---|---|
| 005 | 20100914105248.0 | ||
| 006 | a|||||r|||||00| 0 | ||
| 007 | sd ammalaaahaa | ||
| 008 | 100830t xxu||||| |||| 00| 0 eng d | ||
| 028 |
_aEMOE. 5024 _bODEON |
||
| 035 | _aGR-02778 | ||
| 040 |
_aSED _cSED |
||
| 100 |
_917455 _aKishor Kumar and Chorus |
||
| 245 |
_aTeen devian / _cby Kishor kumar and Chorus; music by S D Burman ; lyrics by Majrooh _h[sound recording] : |
||
| 246 | _aतीन देवीं/किशोर कुमार द्वारा | ||
| 260 |
_aDum Dum, India _bODEON _c1973 |
||
| 300 |
_a1 sound disc [Gramophone Recording]: _banalog, 45 1/3 rpm _c7.5 in. (SP) _fGramophone Record |
||
| 500 | _aBrief Record | ||
| 500 | _aRecord labels :ODEON, Black | ||
| 505 | _aSide-१ सुबह पे जिस तरह (Subah pe jis jarah) Side-२ लिखा है तेरी आँखों में (Likha hai teri ankho me) (Lata Mangeshkar and Kishor Kumar) | ||
| 600 | _2Roy, Bimal | ||
| 650 |
_aFilm Song _zIndia _91186 _xExcerpts |
||
| 700 |
_917416 _aBurman, S D |
||
| 700 |
_917456 _aMajrooh |
||
| 700 | _919862 | ||
| 942 |
_2ddc _cGR |
||
| 999 |
_c45870 _d45870 |
||